Moneylenders Act 1951 (Act 400) & regulations

Bibliographic Details
Corporate Authors: Malaysia, Legal Research Board
Format: Book
Published: Petaling Jaya : International Law Book Services , 2005
Series:Laws of Malaysia
Subjects:

MARC

LEADER 00000cam a2200000 7i4500
001 0000102016
005 20161205.0
020 |a 9678914522 
090 0 0 |a 346.595077   |b MAL 
110 0 |a Malaysia 
240 0 0 |a Laws, etc 
245 0 0 |a Moneylenders Act 1951 (Act 400) & regulations 
260 |a Petaling Jaya :   |b International Law Book Services ,   |c 2005 
300 |a 100p. ;   |c 24cm. 
490 0 |a Laws of Malaysia 
500 |a As at 20th August 2005 
650 0 0 |a Credit   |x Law and legislation   |z Malaysia 
650 0 0 |a Loans, Personal   |x Law and legislation   |z Malaysia 
710 1 |a Legal Research Board 
999 |a 00193753   |b AKTA - KOLEKSI UNDANG-UNDANG   |c AKTA   |e PERPUSTAKAAN KOMUNITI PETALING JAYA